[Event "Novokuznetsk SFO-ch U15"]
[Site "Novokuznetsk"]
[Date "2014.11.08"]
[Round "7"]
[White "Drachev, Nikita"]
[Black "Petrovsky, Andrey"]
[Result "1/2-1/2"]
[WhiteElo "1834"]
[BlackElo "800"]
[PlyCount "78"]
[EventDate "2014.11.02"]
[EventType "swiss"]
[EventRounds "9"]
[EventCountry "RUS"]
[SourceTitle "CBM 163 Extra"]
[Source "ChessBase"]
[SourceDate "2014.12.23"]
[SourceVersion "1"]
[SourceVersionDate "2014.12.23"]
[SourceQuality "1"]

1. d4 d5 2. Nf3 Nf6 3. c4 e6 4. g3 c5 5. Bg2 Be7 6. 0-0 0-0 7. Nc3 Nc6 8. cxd5 Nxd5 9. a3 cxd4 10. Nxd4 Nxd4 11. Qxd4 Bf6 12. Qc4 Nxc3 13. bxc3 Rb8 14. Be3 b6 15. Rfd1 Qe7 16. Ra2 Bb7 17. Qb4 Bxg2 18. Kxg2 Rfd8 19. Rad2 Rxd2 20. Rxd2 Rd8 21. Rxd8+ Qxd8 22. c4 h6 23. Qa4 Qc7 24. Qb5 Kh7 25. c5 bxc5 26. Bxc5 Be7 27. Bb4 Bxb4 28. axb4 Kg6 29. e3 Kf6 30. Kf3 Ke7 31. Ke4 Qc2+ 32. Kd4 Qb2+ 33. Ke4 Qc2+ 34. Kd4 Qb2+ 35. Kd3 Qb3+ 36. Kd2 Qb2+ 37. Ke1 Qc1+ 38. Ke2 Qc2+ 39. Ke1 Qc8 1/2-1/2